Algunos aspectos teóricos sobre la distriución del ingreso (Registro nro. 26714)
[ vista simple ]
| 000 -LEADER | |
|---|---|
| fixed length control field | 00350 a2200109 4500 |
| 001 - CONTROL NUMBER | |
| control field | ART_13524 |
| 005 - DATE AND TIME OF LATEST TRANSACTION | |
| control field | 20260410161910.0 |
| 008 - FIXED-LENGTH DATA ELEMENTS--GENERAL INFORMATION | |
| fixed length control field | 260409a |
| 100 1# - MAIN ENTRY--PERSONAL NAME | |
| Personal name | Lustig, Nora |
| 245 10 - TITLE STATEMENT | |
| Title | Algunos aspectos teóricos sobre la distriución del ingreso |
| 773 0# - HOST ITEM ENTRY | |
| Title | Demografía y economía |
| Related parts | - Vol. X, Nº 30 (sep./dic. 1976) |
| Record control number | REV13200 |
No hay ítems disponibles.